| 000 | 00333nam a2200097Ia 4500 | ||
|---|---|---|---|
| 008 | 160523s9999 xx 000 0 und d | ||
| 245 | _aRisk Management - Current Issues and Challenges | ||
| 245 | _cEdited by Nerija Banaitiene | ||
| 260 | _c2012 | ||
| 856 | _uhttp://www.intechopen.com/books/risk-management-current-issues-and-challenges | ||
| 999 |
_c294882 _d294882 |
||